King Lear (Record no. 11289)
[ view plain ]
| 000 -LEADER | |
|---|---|
| fixed length control field | 00375nam a2200145 4500 |
| 082 ## - DEWEY DECIMAL CLASSIFICATION NUMBER | |
| Classification number | 822.33T3 |
| Item number | SHA |
| 100 ## - MAIN ENTRY--PERSONAL NAME | |
| Personal name | Shakespeare, William |
| 245 ## - TITLE STATEMENT | |
| Title | King Lear |
| Statement of responsibility, etc. | edited by Kenneth Muir |
| 250 ## - EDITION STATEMENT | |
| Edition statement | 8th ed. |
| 260 ## - PUBLICATION, DISTRIBUTION, ETC. | |
| Place of publication, distribution, etc. | London |
| Name of publisher, distributor, etc. | Methuen |
| Date of publication, distribution, etc. | 1952 |
| 300 ## - PHYSICAL DESCRIPTION | |
| Extent | xiv,260p.; 21 cm.-- |
| 490 ## - SERIES STATEMENT | |
| Series statement | Arden Shakespeare |
| 500 ## - GENERAL NOTE | |
| General note | Library has 9th ed.1972. |
| 710 ## - ADDED ENTRY--CORPORATE NAME | |
| Corporate name or jurisdiction name as entry element | Muir, Kenneth |
| Withdrawn status | Lost status | Damaged status | Not for loan | Collection code | Home library | Current library | Date acquired | Total Checkouts | Full call number | Barcode | Date last seen | Copy number | Price effective from | Koha item type |
|---|---|---|---|---|---|---|---|---|---|---|---|---|---|---|
| ACADEMIC STAFF COLLEGE | North Eastern Hill University | North Eastern Hill University | 24/11/2011 | 822.33T3 SHA | 1071 | 24/11/2011 | ,7 | 24/11/2011 | Books |
